[Event "LTU-ch sf"]
[Site "Klaipeda"]
[Date "2018.10.21"]
[Round "9"]
[White "Saunoriute, Milda"]
[Black "Ionin, Ilja"]
[Result "1-0"]
[WhiteElo "1589"]
[BlackElo "1442"]
[PlyCount "105"]
[EventDate "2018.09.23"]
[EventType "swiss"]
[EventRounds "9"]
[EventCountry "LTU"]
[SourceTitle "CBM 187 Extra"]
[Source "ChessBase"]
[SourceDate "2018.11.04"]
[SourceVersion "1"]
[SourceVersionDate "2018.11.04"]
[SourceQuality "1"]

1. e4 Nf6 2. e5 Nd5 3. d4 d6 4. c4 Nb6 5. exd6 cxd6 6. Nc3 g6 7. b3 Bg7 8. Bb2 Bf5 9. Nf3 Nc6 10. Bd3 Bg4 11. d5 Nb4 12. Be4 0-0 13. h3 f5 14. Bd3 Bh5 15. Be2 Nd7 16. a3 Na6 17. b4 Qc8 18. Ng5 Bxe2 19. Qxe2 Nc7 20. Na4 Nf6 21. 0-0 Qd7 22. Nc3 Rad8 23. Rfe1 h6 24. Ne6 Nxe6 25. Qxe6+ Qxe6 26. Rxe6 Ne4 27. Rxg6 Kh7 28. Rxg7+ Kxg7 29. Nxe4+ Kg6 30. Nc3 Rc8 31. Re1 Rf7 32. Re6+ Kh7 33. Bc1 Rxc4 34. Ne2 Rc2 35. Rxh6+ Kg7 36. Re6 Kf8 37. Bh6+ Kg8 38. Bg5 Kf8 39. Nf4 Ke8 40. Rh6 Kd7 41. Ne6 Re2 42. Rh8 Rxe6 43. dxe6+ Kxe6 44. Rb8 b6 45. Rb7 d5 46. Rxa7 Kd6 47. Kf1 Rg7 48. h4 d4 49. Ke2 b5 50. Kd3 Rf7 51. Rxe7 Rf8 52. Kxd4 Rc8 53. Re2 1-0

[Event "Klaipeda Sea op-A 15th"]
[Site "Klaipeda"]
[Date "2018.07.26"]
[Round "4"]
[White "Saunoriute, Milda"]
[Black "Vaiciunas, Giedrius"]
[Result "0-1"]
[WhiteElo "1576"]
[BlackElo "1039"]
[PlyCount "78"]
[EventDate "2018.07.23"]
[EventType "swiss"]
[EventRounds "7"]
[EventCountry "LTU"]
[SourceTitle "CBM 186 Extra"]
[Source "ChessBase"]
[SourceDate "2018.08.24"]
[SourceVersion "1"]
[SourceVersionDate "2018.08.24"]
[SourceQuality "1"]

1. e4 e6 2. d4 d5 3. Nc3 dxe4 4. Nxe4 Nd7 5. Nf3 Ngf6 6. Nxf6+ Nxf6 7. Bf4 Be7 8. Qd3 c6 9. 0-0-0 Nd5 10. Bd2 Qb6 11. Ne5 Bf6 12. f4 Qc7 13. g4 h6 14. Bg2 Nb6 15. Kb1 Nd7 16. Nxf7 Kxf7 17. g5 hxg5 18. fxg5 Rxh2 19. Rxh2 Qxh2 20. Qf3 Qh7 21. gxf6 Nxf6 22. Rh1 Qf5 23. Qg3 Bd7 24. Rf1 Qg6 25. Qc7 Qxg2 26. Qxd7+ Kg6 27. Rxf6+ Kxf6 28. Bc1 Rh8 29. Qc7 Qh2 30. Qxb7 Qd6 31. Qxa7 Rh1 32. Qc5 Qxc5 33. dxc5 e5 34. b3 Ke6 35. Kb2 e4 36. Bd2 Rh3 37. a4 e3 38. Be1 Rh1 39. Bc3 e2 0-1

[Event "Plunge op-B 38th"]
[Site "Plateliai"]
[Date "2018.07.19"]
[Round "5"]
[White "Rackauskas, Karolis"]
[Black "Saunoriute, Milda"]
[Result "1/2-1/2"]
[WhiteElo "1578"]
[BlackElo "1576"]
[PlyCount "47"]
[EventDate "2018.07.16"]
[EventType "swiss"]
[EventRounds "9"]
[EventCountry "LTU"]
[SourceTitle "EXT 2019"]
[Source "ChessBase"]
[SourceDate "2018.10.10"]
[SourceVersion "1"]
[SourceVersionDate "2018.10.10"]
[SourceQuality "1"]

1. e4 c5 2. Nf3 g6 3. d4 cxd4 4. Qxd4 Nf6 5. Bb5 Bg7 6. e5 Ng8 7. 0-0 a6 8. Bc4 Nc6 9. Qe4 Nh6 10. Bxh6 Bxh6 11. Nc3 0-0 12. Rfe1 d6 13. Qh4 Bg7 14. Ng5 h6 15. Nxf7 Rxf7 16. Bxf7+ Kxf7 17. exd6 Qxd6 18. Rad1 Qf6 19. Qg3 Bf5 20. Qc7 Bf8 21. Re3 Ra7 22. Rde1 Qd6 23. Qb6 Qb4 24. Qc7 1/2-1/2

[Event "Plunge op-B 38th"]
[Site "Plateliai"]
[Date "2018.07.16"]
[Round "1"]
[White "Motuzaite, Emile"]
[Black "Saunoriute, Milda"]
[Result "0-1"]
[WhiteElo "1054"]
[BlackElo "1576"]
[PlyCount "76"]
[EventDate "2018.07.16"]
[EventType "swiss"]
[EventRounds "9"]
[EventCountry "LTU"]
[SourceTitle "EXT 2019"]
[Source "ChessBase"]
[SourceDate "2018.10.10"]
[SourceVersion "1"]
[SourceVersionDate "2018.10.10"]
[SourceQuality "1"]

1. e4 c5 2. Nf3 g6 3. d4 cxd4 4. Nxd4 Bg7 5. Be3 Nc6 6. Nxc6 bxc6 7. Nc3 d6 8. Bd3 Nf6 9. 0-0 0-0 10. Qd2 Ng4 11. h3 Nxe3 12. Qxe3 Bb7 13. Qg3 Rb8 14. h4 Qb6 15. Rab1 Be5 16. Qg4 Bc8 17. Qf3 h5 18. a3 Bg4 19. Qe3 Bd4 20. Qh6 Bg7 21. Qd2 Kh7 22. Qg5 Bf6 23. Qf4 Bxh4 24. Kh1 Bf6 25. Be2 Bxe2 26. Nxe2 Rh8 27. Qh2 Kg7 28. Nf4 e5 29. Nd3 g5 30. Kg1 Rbg8 31. Rfe1 g4 32. Qh1 h4 33. Nb4 g3 34. Nd3 h3 35. gxh3 Bh4 36. Kg2 gxf2 37. Rf1 Kf8+ 38. Kf3 Rg3+ 0-1

[Event "Panevezys Gigant op-A"]
[Site "Panevezys"]
[Date "2017.08.22"]
[Round "5"]
[White "Saunoriute, Milda"]
[Black "Barsciauskas, Gintautas"]
[Result "1-0"]
[WhiteElo "1469"]
[BlackElo "1653"]
[PlyCount "117"]
[EventDate "2017.08.19"]
[EventType "swiss"]
[EventRounds "9"]
[EventCountry "LTU"]
[SourceTitle "EXT 2019"]
[Source "ChessBase"]
[SourceDate "2018.10.10"]
[SourceVersion "1"]
[SourceVersionDate "2018.10.10"]
[SourceQuality "1"]

1. e4 c5 2. Nf3 g6 3. d4 Bg7 4. Nc3 cxd4 5. Nxd4 Nc6 6. Be3 d6 7. Bc4 Nf6 8. Bb3 0-0 9. f3 Na5 10. Qd2 Re8 11. 0-0-0 Bd7 12. g4 Nxb3+ 13. axb3 Qa5 14. Kb1 b5 15. Ncxb5 Qd8 16. Nc3 Qb8 17. h4 Rc8 18. h5 a5 19. hxg6 fxg6 20. g5 Nh5 21. Nd5 Kf8 22. Nb6 Ke8 23. Nxc8 Qxc8 24. Ne2 a4 25. b4 a3 26. Bd4 Bf8 27. b3 Qb7 28. Bc3 Be6 29. Nf4 Nxf4 30. Qxf4 Bg8 31. e5 d5 32. e6 Qc6 33. Qe5 Qxe6 34. Qxe6 Bxe6 35. Rxh7 Rc8 36. Be5 Bf5 37. Rh2 e6 38. b5 Rc5 39. b6 Rb5 40. Ka2 Rxb6 41. c3 Kd7 42. b4 Bd6 43. Bxd6 Kxd6 44. f4 Rc6 45. Rc1 Bd3 46. Kxa3 Rc4 47. Rd2 Bf5 48. Rd4 e5 49. fxe5+ Kxe5 50. Rxc4 dxc4 51. b5 Bc8 52. Kb4 Kf4 53. Rg1 Be6 54. Kc5 Kf3 55. b6 Bc8 56. Kxc4 Bb7 57. Kc5 Ke3 58. Kd6 Kd3 59. Kc7 1-0

[Event "Klaipeda Sea op-B 14th"]
[Site "Klaipeda"]
[Date "2017.07.27"]
[Round "5"]
[White "Borisovaite, Ana"]
[Black "Saunoriute, Milda"]
[Result "1-0"]
[WhiteElo "1330"]
[BlackElo "1491"]
[PlyCount "97"]
[EventDate "2017.07.25"]
[EventType "swiss"]
[EventRounds "7"]
[EventCountry "LTU"]
[SourceTitle "CBM 179 Extra"]
[Source "ChessBase"]
[SourceDate "2017.08.23"]
[SourceVersion "1"]
[SourceVersionDate "2017.08.23"]
[SourceQuality "1"]

1. f4 d5 2. b3 c5 3. Bb2 Nc6 4. e3 Nf6 5. Be2 e6 6. Nf3 Be7 7. 0-0 0-0 8. d3 Ng4 9. Qd2 f5 10. h3 Bf6 11. Nc3 Nxe3 12. Qxe3 d4 13. Qd2 dxc3 14. Bxc3 Nd4 15. Kh2 Nxe2 16. Bxf6 Rxf6 17. Qxe2 Qd6 18. Qe5 Qe7 19. d4 cxd4 20. Qxd4 b6 21. Rad1 Bb7 22. Ne5 Be4 23. c4 Rff8 24. Qd7 Rfe8 25. Qxe7 Rxe7 26. Rd6 Kf8 27. Rfd1 g6 28. Rd7 b5 29. Rxe7 Kxe7 30. Rd7+ Ke8 31. Rxh7 bxc4 32. Rh8+ Ke7 33. Rxa8 Bxa8 34. bxc4 Kf6 35. h4 a5 36. c5 a4 37. a3 Bb7 38. Kh3 Ba6 39. c6 Bc8 40. g4 Ba6 41. c7 Bc8 42. Kg3 Bb7 43. h5 fxg4 44. hxg6 Bc8 45. Kxg4 Bb7 46. Kh5 Kg7 47. Nc4 Bf3+ 48. Kg5 Bb7 49. Nd6 1-0

[Event "Plunge op 37th"]
[Site "Plateliai"]
[Date "2017.07.20"]
[Round "4"]
[White "Saunoriute, Milda"]
[Black "Griksaite, Leva"]
[Result "1-0"]
[WhiteElo "1491"]
[BlackElo "1174"]
[PlyCount "68"]
[EventDate "2017.07.17"]
[EventType "swiss"]
[EventRounds "9"]
[EventCountry "LTU"]
[SourceTitle "EXT 2019"]
[Source "ChessBase"]
[SourceDate "2018.10.10"]
[SourceVersion "1"]
[SourceVersionDate "2018.10.10"]
[SourceQuality "1"]

1. e4 c6 2. d4 d5 3. exd5 cxd5 4. Bd3 Nc6 5. c3 Nf6 6. Bf4 g6 7. Nf3 Bg7 8. 0-0 0-0 9. h3 Re8 10. Re1 Nh5 11. Bh2 Bd7 12. Nbd2 Nf6 13. Ne5 Qc8 14. Nxd7 Qxd7 15. Nf3 Qd8 16. Ne5 Nxe5 17. dxe5 Nd7 18. e6 fxe6 19. Rxe6 Nc5 20. Re2 Nxd3 21. Qxd3 e5 22. c4 dxc4 23. Qxc4+ Kh8 24. Rae1 Rc8 25. Qb5 Qd4 26. Bxe5 Bxe5 27. Rxe5 Rxe5 28. Qxe5+ Qxe5 29. Rxe5 Rc1+ 30. Kh2 Rc2 31. f4 Kg7 32. Kg3 Kf6 33. Kf3 h6 34. Rd5 Ke6 1-0

[Event "Plunge op 37th"]
[Site "Plateliai"]
[Date "2017.07.18"]
[Round "2"]
[White "Saunoriute, Milda"]
[Black "Peseckis, Herkus"]
[Result "1-0"]
[WhiteElo "1491"]
[BlackElo "1090"]
[PlyCount "60"]
[EventDate "2017.07.17"]
[EventType "swiss"]
[EventRounds "9"]
[EventCountry "LTU"]
[SourceTitle "EXT 2019"]
[Source "ChessBase"]
[SourceDate "2018.10.10"]
[SourceVersion "1"]
[SourceVersionDate "2018.10.10"]
[SourceQuality "1"]

1. e4 e5 2. Nf3 Nc6 3. Bc4 Bc5 4. c3 Nf6 5. d4 d5 6. exd5 Nxd5 7. dxc5 Nf4 8. Qxd8+ Nxd8 9. Bxf4 exf4 10. 0-0 0-0 11. Nbd2 b6 12. cxb6 axb6 13. Rfe1 c5 14. Bd5 Ra7 15. c4 Ne6 16. Ne4 Bb7 17. Bxb7 Rxb7 18. Neg5 Nd4 19. Nxd4 cxd4 20. Nf3 d3 21. Rad1 Ra8 22. Rxd3 h6 23. a3 b5 24. cxb5 Rxb5 25. b4 g5 26. Red1 Kg7 27. h3 f5 28. Nd4 Rd5 29. Ne6+ Kf6 30. Rxd5 Kxe6 1-0

[Event "Plunge op 37th"]
[Site "Plateliai"]
[Date "2017.07.17"]
[Round "1"]
[White "Kalvaitis, Sigitas"]
[Black "Saunoriute, Milda"]
[Result "1-0"]
[WhiteElo "2262"]
[BlackElo "1491"]
[PlyCount "49"]
[EventDate "2017.07.17"]
[EventType "swiss"]
[EventRounds "9"]
[EventCountry "LTU"]
[SourceTitle "EXT 2019"]
[Source "ChessBase"]
[SourceDate "2018.10.10"]
[SourceVersion "1"]
[SourceVersionDate "2018.10.10"]
[SourceQuality "1"]

1. e4 e5 2. Nf3 Nf6 3. Nxe5 d6 4. Nf3 Nxe4 5. Nc3 Bf5 6. Qe2 Qe7 7. Nd5 Qd8 8. d3 c6 9. dxe4 Be6 10. Nf4 Be7 11. Nxe6 fxe6 12. Nd4 Qa5+ 13. Bd2 Qb6 14. Bc3 Bf6 15. 0-0-0 0-0 16. Nxe6 Bxc3 17. bxc3 Rxf2 18. Qg4 Qe3+ 19. Kb2 Qb6+ 20. Ka1 g6 21. Bc4 d5 22. exd5 Rxc2 23. Bb3 Rxc3 24. Qf4 Nd7 25. Rhf1 1-0

[Event "LTU-chT (Women)"]
[Site "Vilnius"]
[Date "2017.02.18"]
[Round "4.3"]
[White "Saunoriute, Milda"]
[Black "Plutaite, Ausra"]
[Result "1-0"]
[WhiteElo "1371"]
[BlackElo "1309"]
[PlyCount "105"]
[EventDate "2017.01.28"]
[EventType "team-tourn"]
[EventRounds "7"]
[EventCountry "LTU"]
[SourceTitle "EXT 2018"]
[Source "ChessBase"]
[SourceDate "2017.10.13"]
[SourceVersion "1"]
[SourceVersionDate "2017.10.13"]
[SourceQuality "1"]
[WhiteTeam "Klaipeda Jura (W)"]
[BlackTeam "Kaunas Margiris (W) II"]
[WhiteTeamCountry "LTU"]
[BlackTeamCountry "LTU"]

1. e4 e6 2. d4 d5 3. exd5 exd5 4. Bd3 Nf6 5. Bf4 c5 6. dxc5 Bxc5 7. Nf3 0-0 8. 0-0 Bg4 9. h3 Bh5 10. Nc3 Nbd7 11. g4 Bg6 12. Bxg6 fxg6 13. Nxd5 Nxd5 14. Qxd5+ Kh8 15. Bg3 b6 16. Ng5 Qf6 17. Ne6 Qf7 18. Qb3 Rg8 19. Nxc5 Qe7 20. Nxd7 Qxd7 21. Rad1 Qc6 22. Rd6 Qe8 23. Rfd1 h5 24. Qe6 Kh7 25. Qxe8 Rgxe8 26. Kf1 Rec8 27. c3 Rc5 28. R6d5 Rac8 29. Bd6 Rxd5 30. Rxd5 hxg4 31. hxg4 Kg8 32. Be5 Rc4 33. g5 Ra4 34. a3 Rg4 35. f4 Rh4 36. Kg2 Rh7 37. c4 Kf8 38. c5 bxc5 39. Rxc5 Ke8 40. Rc7 a6 41. Ra7 a5 42. Rxa5 Kd7 43. Bxg7 Ke6 44. Be5 Kf5 45. b4 Rb7 46. Rc5 Ke4 47. b5 Rb6 48. a4 Rb7 49. a5 Ra7 50. b6 Rb7 51. Rc7 Rb8 52. Rc4+ Kf5 53. Bxb8 1-0

[Event "Klaipeda Sea op-B 13th"]
[Site "Klaipeda"]
[Date "2016.07.31"]
[Round "7"]
[White "Gluchaciov, Nikolaj"]
[Black "Saunoriute, Milda"]
[Result "1/2-1/2"]
[WhiteElo "1788"]
[BlackElo "1286"]
[PlyCount "90"]
[EventDate "2016.07.25"]
[EventType "swiss"]
[EventRounds "7"]
[EventCountry "LTU"]
[SourceTitle "EXT 2018"]
[Source "ChessBase"]
[SourceDate "2017.10.13"]
[SourceVersion "1"]
[SourceVersionDate "2017.10.13"]
[SourceQuality "1"]

1. e4 b6 2. d4 Bb7 3. Bd3 e6 4. Ne2 Nf6 5. f3 c5 6. c3 Nc6 7. Bg5 Be7 8. 0-0 cxd4 9. cxd4 Nb4 10. Nbc3 Nxd3 11. Qxd3 0-0 12. g4 Ne8 13. Bxe7 Qxe7 14. Ng3 Nc7 15. Rf2 Ba6 16. Qd2 d5 17. e5 f6 18. Re1 Rf7 19. f4 fxe5 20. Rxe5 Qh4 21. Qd1 Raf8 22. f5 h6 23. Rg2 Bc8 24. Qd3 Qg5 25. Nd1 Qh4 26. Ne3 Kh8 27. Qd1 Qd8 28. Nh5 exf5 29. gxf5 Bxf5 30. Nxf5 Rxf5 31. Rxf5 Rxf5 32. Nxg7 Rg5 33. Nh5 Rxg2+ 34. Kxg2 Qg5+ 35. Ng3 Ne6 36. Qe1 Nxd4 37. Qe8+ Qg8 38. Qe5+ Qg7 39. Qxd5 Kh7 40. Qe4+ Kh8 41. Qe8+ Kh7 42. Qe4+ Kh8 43. Qe8+ Kh7 44. Qe4+ Kh8 45. Qe8+ Kh7 1/2-1/2

[Event "Plunge op 36th"]
[Site "Plateliai"]
[Date "2016.07.21"]
[Round "6"]
[White "Zebelis, Rimantas"]
[Black "Saunoriute, Milda"]
[Result "1-0"]
[WhiteElo "1725"]
[BlackElo "1286"]
[PlyCount "37"]
[EventDate "2016.07.18"]
[EventType "swiss"]
[EventRounds "9"]
[EventCountry "LTU"]
[SourceTitle "EXT 2018"]
[Source "ChessBase"]
[SourceDate "2017.10.13"]
[SourceVersion "1"]
[SourceVersionDate "2017.10.13"]
[SourceQuality "1"]

1. d4 Nf6 2. Nf3 g6 3. c4 Bg7 4. g3 0-0 5. Bg2 d5 6. cxd5 Nxd5 7. 0-0 c5 8. e4 Nf6 9. e5 Nd5 10. Nc3 cxd4 11. Qxd4 Nxc3 12. Qxc3 Nc6 13. Bf4 Bf5 14. Nh4 Bd7 15. Rfd1 Qc7 16. Rac1 Rac8 17. Qe3 Rfe8 18. e6 Bxe6 19. Bxc7 1-0

[Event "Plunge op 36th"]
[Site "Plateliai"]
[Date "2016.07.19"]
[Round "2"]
[White "Idzeliene, Asta"]
[Black "Saunoriute, Milda"]
[Result "1-0"]
[WhiteElo "1634"]
[BlackElo "1286"]
[PlyCount "36"]
[EventDate "2016.07.18"]
[EventType "swiss"]
[EventRounds "9"]
[EventCountry "LTU"]
[SourceTitle "EXT 2018"]
[Source "ChessBase"]
[SourceDate "2017.10.13"]
[SourceVersion "1"]
[SourceVersionDate "2017.10.13"]
[SourceQuality "1"]

1. g4 e5 2. Bg2 d5 3. c4 c6 4. cxd5 cxd5 5. Qb3 Nf6 6. Nc3 d4 7. Ne4 Nxg4 8. h3 Nf6 9. Nxf6+ gxf6 10. Bxb7 Bxb7 11. Qxb7 Nd7 12. Nf3 Bg7 13. Qe4 0-0 14. d3 Kh8 15. Rg1 Rg8 16. Rg4 Qc8 17. Rh4 f5 18. Rxh7+ Kxh7 1-0

[Event "Plunge op 36th"]
[Site "Plateliai"]
[Date "2016.07.18"]
[Round "1"]
[White "Saunoriute, Milda"]
[Black "Petraitis, Gintautas"]
[Result "0-1"]
[WhiteElo "1286"]
[BlackElo "1885"]
[PlyCount "84"]
[EventDate "2016.07.18"]
[EventType "swiss"]
[EventRounds "9"]
[EventCountry "LTU"]
[SourceTitle "EXT 2018"]
[Source "ChessBase"]
[SourceDate "2017.10.13"]
[SourceVersion "1"]
[SourceVersionDate "2017.10.13"]
[SourceQuality "1"]

1. e4 e5 2. f4 d5 3. exd5 e4 4. Nc3 Nf6 5. Bc4 Bc5 6. Nge2 0-0 7. Na4 Qe7 8. a3 Ng4 9. Rf1 Nxh2 10. Rh1 Ng4 11. Rf1 e3 12. c3 exd2+ 13. Bxd2 Ne3 14. Bxe3 Bxe3 15. Qd3 a6 16. Bb3 b5 17. Bc2 f5 18. Rf3 Ba7 19. Bb3 Qd6 20. Kd2 bxa4 21. Bxa4 Nd7 22. Bc2 Bb7 23. c4 Nc5 24. Qc3 Ne4+ 25. Bxe4 fxe4 26. Rg3 Qf6 27. Qe5 Rae8 28. Qxf6 Rxf6 29. Rd1 c6 30. Kc2 cxd5 31. cxd5 Bb8 32. Rb3 Ba8 33. g3 Ba7 34. Rc3 Rd6 35. b4 Rxd5 36. Rc1 e3 37. Kb3 Rdd8 38. a4 Bd5+ 39. Kb2 Bf3 40. R3c2 Rd2 41. Ng1 Bg4 42. Kb3 Bd1 0-1